Les 10 joueurs avec le meilleur % d'homme du match par championnats. - Statistiques

Statistiques générales
  • Ce quiz a été pris 81 fois
  • Le résultat moyen est 26 sur 50
Statistiques - réponses
% Joueurs Liga Périodes % Correct
31.8 Cristiano Ronaldo Real 2009-2018
100%
28.6 Cristiano Ronaldo Juventus 2018-2021
100%
55.2 Lionel Messi Barça 2009-2021
100%
32.8 Lionel Messi PSG 2021-2023
100%
23.8 Kylian Mbappe Real 2024-
89%
24.4 Kylian Mbappe MonacoPSG 2015-2024
89%
17.9 Neymar Barça 2013-2017
82%
33 Neymar PSG 2017-2023
82%
21.3 Jude Bellingham Real 2023-
79%
26.4 Luis Suarez Liverpool 2011-2014
75%
15.4 Robert Lewandowski Barça 2022-
75%
21.3 Harry Kane Tottenham 2011-2023
72%
27.5 Harry Kane Bayern 2023-
72%
25.6 Zlatan Ibrahimovic Milan 2010-20122020-2023
71%
34.4 Zlatan Ibrahimovic PSG 2012-2016
71%
20 Erling Haaland Man City 2022-
70%
22.4 Erling Haaland Dortmund 2020-2022
70%
25.3 Eden Hazard Chelsea 2012-2019
67%
17.7 Eden Hazard Lille 2009-2012
67%
16.3 Nabil Fekir Bétis 2019-2024
61%
20 Nabil Fekir Lyon 2013-2019
61%
20.2 Kevin De Bruyne ChelseaMan City 2013-20142015-
59%
26.8 Ousmane Dembele RennesPSG 2015-20162023-
58%
17.4 Mohamed Salah ChelseaLiverpool 2014-20152017-
57%
19.7 Gareth Bale Tottenham 2009-20132020-2021
54%
20.7 Raphinha Barça 2022-
53%
19.7 Teji Savanier NimesMontpellier 2018-
53%
20.6 Robin Van Persie ArsenalMan United 2009-2015
50%
17.5 Didier Drogba Chelsea 2009-20122014-2015
49%
13.6 Lautaro Martinez Inter 2018-
49%
31.4 Randal Kolo Muani Eintracht 2022-2023
49%
15.7 Paulo Dybala PalermeJuventus Roma 2012-
43%
22.4 Khvicha Kvaratskhelia Napoli 2022-2025
38%
20.1 Alexis Sanchez ArsenalMan United 2014-2019
37%
15.8 Iago Aspas CeltaSéville 2009-20132014-
37%
20.8 Arjen Robben Bayern 2009-2019
34%
21.8 Christopher Nkunku Leipzig 2019-2023
33%
18.6 Memphis Depay Lyon 2017-2021
30%
13.4 Lorenzo Insigne Napoli 2009-2022
29%
19.6 Xavi Simons Leipzig 2023-
28%
19.2 Alex Grimaldo Leverkusen 2023-
24%
13.7 Domenico Berardi Sassuolo 2012-
21%
17.8 Jadon Sancho Dortmund 2017-20212024-2024
20%
31 Nene Monaco PSG 2009-2013
18%
13.2 Alejandro Gomez CataneAtalanta Monza 2010-20132014-2021 2023-2024
13%
15.5 Gerard Moreno VillarrealEspanyol 2012-
13%
17.5 Rodrigo De Paul Udinese 2016-2021
8%
14.2 Sergej Milinkovic-Savic Lazio 2015-2023
7%
20.8 Diego Wolfsburg 2010-20112012-2014
4%
18.9 Henrikh Mkhitaryan Dortmund 2013-2016
3%
Aucun quiz correspondant
Distribution des résultats
% des personnes avec chaque résultat
Percentile par nombre de réponses
Votre historique - résultats
Vous n’avez pas pris ce quiz